000 00481nam a2200193Ia 4500
008 180523s9999 xx 000 0 und d
020 _a81-7648-621-3
050 _aMAIN HF 5549
050 _b.R43 2004
100 _aReddy, R. Jayaprakash.
245 0 _aPersonnel management /
245 0 _cR. Jayaprakash Reddy.
260 _aNew Delhi :
260 _bAPH Publishing,
260 _c2004
300 _a105 pages :
300 _c22 cm.
650 _aPersonnel management.
999 _c357152
_d357152